Szczegóły MARC21

Wirtschaftsinformatik an Fachhochschulen : Studium, Angewandte Forschung und Transfer /

005 -DATA I CZAS OSTATNIEJ MODYFIKACJI [,]
    • @
    • pole kontrolne
    • 20070315155141.9
020 -Międzynarod. znormalizowany nr książki - ISBN [ , ]
    • a
    • Numer ISBN
    • 354055159X Find
040 -Instytucja sporządzająca opis [ , ]
    • a
    • Instytucja, która sporządziła opis (NP)
    • SZCZ U
    • c
    • Instytucja, która sporządziła rekord (NP)
    • SZCZ U
041 -Język dokumentu [0, ]
    • a
    • Język tekstu (P)
    • niemiecki
    • h
    • Język tekstu oryginalnego i/lub pośredniego (P)
    • niemiecki
942 -Rodzaj dokumentu [ , ]
    • c
    • Rodzaj dokumentu
    • Książka
100 -Hasło główne - nazwa osobowa [ , ]
    • a
    • Nazwa osobowa (NP)
    • BISCHOFF RAINER
245 -Strefa tytułu i oznaczenia odpowiedzialności [1, ]
    • a
    • Tytuł
    • Wirtschaftsinformatik an Fachhochschulen : Find
    • b
    • Ciąg dalszy tytułu (NP)
    • Studium, Angewandte Forschung und Transfer / Find
    • c
    • Pozostałe elementy strefy tytułu i oznaczenia odpowiedzialności (NP)
    • im Auftr. des Arbeitskreises Wirtschaftsinformatik an Fachhochschulenim Fachbereich Informatik.
250 -Strefa wydania [ , ]
    • a
    • Oznaczenie wydania (NP)
    • 2.vollst. überarb. u.erw. Aufl.
260 -Strefa adresu wydawniczego [ , ]
    • a
    • Miejsce wydania (P)
    • Berlin :
    • b
    • Nazwa wydawcy (P)
    • Springer-Verl.,
    • c
    • Data wydania (P)
    • 1992.
300 -Strefa opisu fizycznego [ , ]
    • a
    • Określenie formy książki i/lub objętość (NP)
    • VII,163 s. :
    • b
    • Oznaczenie ilustracji (NP)
    • il. :
    • c
    • Format (NP)
    • 19 cm.
500 -Uwaga ogólna [ , ]
    • a
    • Uwaga ogólna (NP)
    • Bibliogr.Ind
080 -Uniwersalna Klasyfikacja Dziesiętna [ , ]
    • a
    • Symbol klasyfikacji
    • 519.68=30
080 -Uniwersalna Klasyfikacja Dziesiętna [ , ]
    • a
    • Symbol klasyfikacji
    • :681.322=30
980 -Symbol UKD [ , ]
    • a
    • UKD
    • 519.68:681.322]=30
920 -ISBN [ , ]
    • a
    • ISBN
    • 3-540-55159-X Find
Data inwentaryzacji Lokalizacja Status udost. Sygnatura Numer inwentarzowy
1998-10-13BE-6FUNDACJA POLSKO-NIEMIECKAS.82683
1998-10-13BE-2FUNDACJA POLSKO-NIEMIECKAE.65663
1998-10-13BE-2 S.82684
1998-10-13BE2 S.82685